Plantilla F.C. Barcelona Champions League 2024/2025 - Estadísticas

Estadísticas generales
  • Esta prueba ha sido intentada 232 veces
  • La puntuación promedio es 20 de 24
Estadísticas de respuestas
Imagen Respuesta % Correcto
Gavi
96%
Pau Cubarsí
96%
Pedri
96%
Jules Koundé
95%
Iñaki Peña
94%
Alejandro Balde
93%
Frenkie de Jong
93%
Ronald Araújo
93%
Lamine Yamal
92%
Dani Olmo
91%
Ansu Fati
90%
Ferran Torres
90%
Andreas Christensen
89%
Eric García
89%
Iñigo Martínez
89%
Raphinha
89%
Robert Lewandowski
89%
Fermín López
87%
Marc Casadó
83%
Pablo Torre
79%
Wojciech Szczęsny
76%
Gerard Martín
69%
Pau Víctor
69%
Noah Darvich
26%
No se encontraron pruebas coincidentes
Distribución de puntuación
Porcentaje de gente con cada puntuación
Porcentaje por número respondido
Historial de tus puntuaciones
No has intentado esta prueba.